| 000 | 01288nam a2200337 a 4500 | ||
|---|---|---|---|
| 001 | ebr10426399 | ||
| 003 | CaPaEBR | ||
| 006 | m u | ||
| 007 | cr cn||||||||| | ||
| 008 | 100707s2010 rh ad sb 000 0 eng d | ||
| 010 | _z 2010323519 | ||
| 020 | _z9781779220981 | ||
| 020 | _z9781779221131 (e-book) | ||
| 040 |
_aCaPaEBR _cCaPaEBR |
||
| 035 | _a(OCoLC)764546571 | ||
| 043 | _af-rh--- | ||
| 050 | 1 | 4 |
_aK3150.Z55 _bI58 2010eb |
| 100 | 1 |
_aMadhuku, L. _q(Lovemore) |
|
| 245 | 1 | 3 |
_aAn introduction to Zimbabwean law _h[electronic resource] / _cLovemore Madhuku. |
| 260 |
_aHarare [Zimbabwe] : _bWeaver Press : _bFriedrich-Ebert Stiftung, _c2010. |
||
| 300 |
_axv, 188 p. : _bill. |
||
| 504 | _aIncludes bibliographical references. | ||
| 533 |
_aElectronic reproduction. _bPalo Alto, Calif. : _cebrary, _d2013. _nAvailable via World Wide Web. _nAccess may be limited to ebrary affiliated libraries. |
||
| 650 | 0 |
_aPublic law _zZimbabwe. |
|
| 650 | 0 |
_aConstitutional law _zZimbabwe. |
|
| 650 | 0 |
_aAdministrative law _zZimbabwe. |
|
| 650 | 0 |
_aCriminal law _zZimbabwe. |
|
| 655 | 7 |
_aElectronic books. _2local |
|
| 710 | 2 | _aebrary, Inc. | |
| 856 | 4 | 0 |
_uhttp://site.ebrary.com/lib/rucke/Doc?id=10426399 _zAn electronic book accessible through the World Wide Web; click to view |
| 999 |
_c240249 _d240249 |
||